Statistics for Copa Libertadores 2017

Click here to take the quiz!

General Stats

  • This quiz has been taken 81 times
  • The average score is 22 of 43

Answer Stats

StageClubCountry% Correct
Group StageRiver PlateArgentina
91%
Group StageGremioBrazil
86%
Group StageNacionalUruguay
86%
Group StageFlamengoBrazil
84%
Group StagePeñarolUruguay
84%
Second StageColo-ColoChile
83%
Group StagePalmeirasBrazil
78%
Group StageSantosBrazil
75%
Group StageAtlético NacionalColombia
74%
Group StageUniversidad CatólicaChile
74%
Group StageAtlético MineiroBrazil
72%
Second StageOlimpiaParaguay
72%
Group StageClub Atlético LanúsArgentina
71%
Second StageThe StrongestBolivia
70%
Group StageSan LorenzoArgentina
67%
Group StageBarcelona S.C.Ecuador
64%
Second StageC.A. CerroUruguay
64%
Group StageEstudiantes de la PlataArgentina
58%
Second StageAtlético ParanaenseBrazil
57%
Group StageLibertadParaguay
55%
Second StageBotafogoBrazil
54%
Group StageC.S. EmelecEcuador
51%
First StageC.S.D. Independiente del ValleEcuador
48%
Group StageChapecoenseBrazil
46%
Group StageC.D. Jorge WilstermannBolivia
45%
Group StageGuaraníParaguay
45%
Second StageAtlético JuniorColombia
42%
Second StageMillonariosColombia
39%
Second StageAtlético TucumánArgentina
35%
First StageDeportivo TáchiraVenezuela
35%
Group StageZamora FCVenezuela
35%
Group StageGodoy CruzArgentina
33%
Group StageSanta FeColombia
33%
Second StageUnión EspañolaChile
33%
First StageMontevideo WanderersUruguay
28%
Group StageZulia FCVenezuela
28%
First StageUniversitario de SucreBolivia
26%
Group StageDeportes IquiqueChile
25%
Group StageIndependiente MedellínColombia
25%
Second StageCarabobo FCVenezuela
20%
Second StageC.D. El NacionalEcuador
20%
Group StageSport Boys WarnesBolivia
13%
First StageDeportivo CapiatáParaguay
9%

Score Distribution

Percentile by Number Answered

Percent of People with Each Score

Your Score History

You have not taken this quiz